Tourism Customers in Central and Eastern Europe 1993 Perspectives of Development

Saved in:
Bibliographic Details
Format: Book
Language:English
Published: Brussels ECSC 1994
Edition:1. ed.
Subjects:
Tags: Add Tag
No Tags, Be the first to tag this record!

MARC

LEADER 00000nam a2200000 4500
001 c004915
005 20221205141123.9
020 |a 92-826-6503-8 
041 0 |a eng 
044 |a BE 
245 1 0 |a Tourism Customers in Central and Eastern Europe 1993  |b Perspectives of Development 
250 |a 1. ed. 
264 1 |a Brussels  |b ECSC  |c 1994 
300 |a 250 s. 
610 2 0 |a turistika 
610 2 0 |a ruch cestovný aktívny 
610 2 0 |a ruch cestovný pasívny 
610 2 0 |a ruch cestovný domáci 
610 2 0 |a ruch cestovný zahraničný 
610 2 0 |a prieskum sociologický 
610 2 0 |a Poľsko 
610 2 0 |a Maďarsko 
610 2 0 |a Rumunsko 
610 2 0 |a Bulharsko 
610 2 0 |a SRFJ 
610 2 0 |a ČSFR